000 01022nam a2200253Ia 4500
999 _c37350
_d37350
001 3309
003 GE_BSU
005 20190528135807.0
008 181216s2002|||| |||||||||||||| ||geo||
020 _a9992890258
040 _cGE_BSU
041 _ageo
080 _a51(075.8) თ-77
100 _aთოფურია, ს
_91489
245 _aუმაღლესი მათემატიკის კურსი.ნაწ.1. სახელმძღვ. /
_cს. თოფურია ; ვ..ხოჭოლავა ; ნ. მაჭარაშვილი ; თოფურიას რედ-ით..
264 _aთბილისი :
_bსტუ.,
_c2002.
300 _a500 გვ .:
_c20 სმ.
541 _h7 ლ.
653 _aუმაღლესი მათემატიკა
700 _aხოჭოლავა, ვ
_91493
700 _aმაჭარაშვილი, ნ
_91495
700 _aთოფურიას
_eრედაქციით
_91414
942 _cBK
_2udc